Psychology of Learning and Human Development (Record no. 7013)
[ view plain ]
| 000 -LEADER | |
|---|---|
| fixed length control field | 00336nam a2200145Ia 4500 |
| 003 - CONTROL NUMBER IDENTIFIER | |
| control field | OSt |
| 008 - FIXED-LENGTH DATA ELEMENTS--GENERAL INFORMATION | |
| fixed length control field | 191201s2014 xx 000 0 und d |
| 082 ## - DEWEY DECIMAL CLASSIFICATION NUMBER | |
| Classification number | 150 |
| Item number | NIP |
| 100 ## - MAIN ENTRY--PERSONAL NAME | |
| Personal name | NIRMALA,J |
| 245 #0 - TITLE STATEMENT | |
| Title | Psychology of Learning and Human Development |
| 260 ## - PUBLICATION, DISTRIBUTION, ETC. (IMPRINT) | |
| Name of publisher, distributor, etc | Neel Kamal Pub |
| Date of publication, distribution, etc | 2014 |
| 300 ## - PHYSICAL DESCRIPTION | |
| Extent | 2014 |
| 650 ## - SUBJECT ADDED ENTRY--TOPICAL TERM | |
| Topical term or geographic name as entry element | MBA |
| 942 ## - ADDED ENTRY ELEMENTS (KOHA) | |
| Source of classification or shelving scheme | Dewey Decimal Classification |
| Koha item type | Text Books |
| Withdrawn status | Lost status | Source of classification or shelving scheme | Damaged status | Not for loan | Collection code | Home library | Current library | Date acquired | Source of acquisition | Cost, normal purchase price | Bill Number | Total Checkouts | Full call number | Acc. no. / Barcode | Date last seen | Actual Cost, discounted price | Bill Date | Koha item type |
|---|---|---|---|---|---|---|---|---|---|---|---|---|---|---|---|---|---|---|
| Dewey Decimal Classification | GENERAL | PIET C-LIBRARY | PIET C-LIBRARY | 21/07/2020 | Kirti Prakashan | 295.00 | IN 3907 | 150 NIP | 31136 | 04/12/2019 | 221.25 | 18/05/2019 | Text Books | |||||
| Dewey Decimal Classification | GENERAL | PIET C-LIBRARY | PIET C-LIBRARY | 21/07/2020 | Kirti Prakashan | 295.00 | IN 3907 | 150 NIP | 31137 | 04/12/2019 | 221.25 | 18/05/2019 | Text Books | |||||
| Dewey Decimal Classification | MBA | PIET C-LIBRARY | PIET C-LIBRARY | 21/07/2020 | Kirti Prakashan | 295.00 | IN 4024 | 150 NIP | 31330 | 04/12/2019 | 221.25 | 04/06/2019 | Text Books | |||||
| Dewey Decimal Classification | MBA | PIET C-LIBRARY | PIET C-LIBRARY | 21/07/2020 | Kirti Prakashan | 295.00 | IN 4024 | 150 NIP | 31331 | 04/12/2019 | 221.25 | 04/06/2019 | Text Books |